000 00416 a2200157 4500
001 160741
020 _a
040 _cMagnum
100 _aWalters, Jandyra (Trad)
240 1 0 _aDe uma atividade a seu filho quando ele nao tiver o que fazer
_lpor
245 1 0 _aDe uma atividade a seu filho quando ele nao tiver o que fazer
362 0 _a1899
440 1 _aJosé Olympio
697 _aBELAS ARTES
942 _cBK
999 _c160741
_d160741